MARC details
| 000 -LEADER |
| fixed length control field |
01407 a2200397 4500 |
| 001 - CONTROL NUMBER |
| control field |
200436681 |
| 003 - CONTROL NUMBER IDENTIFIER |
| control field |
TR-AnTOB |
| 005 - DATE AND TIME OF LATEST TRANSACTION |
| control field |
20260120170139.0 |
| 008 - FIXED-LENGTH DATA ELEMENTS--GENERAL INFORMATION |
| fixed length control field |
191121s2007 tu a 00110 tur d |
| 020 ## - INTERNATIONAL STANDARD BOOK NUMBER |
| International Standard Book Number |
9789754205343 |
|
| International Standard Book Number |
9754205345 |
| 040 ## - CATALOGING SOURCE |
| Original cataloging agency |
GAZIU |
| Language of cataloging |
eng |
| Description conventions |
rda |
| Transcribing agency |
TR-AnTOB |
| 041 1# - LANGUAGE CODE |
| Language code of text/sound track or separate title |
Türkçe |
| Language code of original |
eng |
| 049 ## - LOCAL HOLDINGS (OCLC) |
| Holding library |
MAIN |
| 060 10 - NATIONAL LIBRARY OF MEDICINE CALL NUMBER |
| Classification number |
QV 17 |
| Item number |
R136n 2007 |
| 096 ## - LOCALLY ASSIGNED NLM-TYPE CALL NUMBER (OCLC) |
| Classification number |
QV17 |
| Item number |
R136n 2007 |
| 100 1# - MAIN ENTRY--PERSONAL NAME |
| Personal name |
Raffa, Robert B. |
| 9 (RLIN) |
126183 |
| 240 10 - UNIFORM TITLE |
| Uniform title |
Netter's illustrated pharmacology. |
| Language of a work |
Turkish. |
| 245 10 - TITLE STATEMENT |
| Title |
Netter'in resimli farmakolojisi / |
| Statement of responsibility, etc. |
Robert B. Raffa, Scott M. Rawls, Elena Portyansky Beyzarov ; Illustrations by, Frank H. Netter ; Contributing Illustrators, James A. Perkins ... [ve başkaları] ; çeviren, Prof. Dr. Mehmet İsbir. |
| 246 30 - VARYING FORM OF TITLE |
| Title proper/short title |
Resimli farmakolojisi. |
| 264 #1 - PRODUCTION, PUBLICATION, DISTRIBUTION, MANUFACTURE, AND COPYRIGHT NOTICE |
| Place of production, publication, distribution, manufacture |
İstanbul : |
| Name of producer, publisher, distributor, manufacturer |
Nobel Tıp Kitabevi, |
| Date of production, publication, distribution, manufacture, or copyright notice |
2007. |
| 300 ## - PHYSICAL DESCRIPTION |
| Extent |
xxviii, 411 pages : |
| Other physical details |
illustrations ; |
| Dimensions |
28 cm |
| 336 ## - CONTENT TYPE |
| Content type term |
text |
| Content type code |
txt |
| Source |
rdacontent |
| 337 ## - MEDIA TYPE |
| Media type term |
unmediated |
| Media type code |
n |
| Source |
rdamedia |
| 338 ## - CARRIER TYPE |
| Carrier type term |
volume |
| Carrier type code |
nc |
| Source |
rdacarrier |
| 500 ## - GENERAL NOTE |
| General note |
Includes index. |
| 650 #2 - SUBJECT ADDED ENTRY--TOPICAL TERM |
| Topical term or geographic name entry element |
Drug Therapy |
| 9 (RLIN) |
109709 |
|
| Topical term or geographic name entry element |
Pharmacology, Clinical |
| 9 (RLIN) |
126184 |
| 655 #2 - INDEX TERM--GENRE/FORM |
| Genre/form data or focus term |
Atlas |
| 9 (RLIN) |
143319 |
| 700 1# - ADDED ENTRY--PERSONAL NAME |
| Personal name |
Rawls, Scott M. |
| 9 (RLIN) |
151951 |
|
| Personal name |
Beyzarov, Elena Portyansky |
| 9 (RLIN) |
151952 |
|
| Personal name |
Netter, Frank H. |
| Fuller form of name |
(Frank Henry), |
| Dates associated with a name |
1906-1991 |
| 9 (RLIN) |
95129 |
|
| Personal name |
İsbir, Mehmet |
| 9 (RLIN) |
151953 |
| 942 ## - ADDED ENTRY ELEMENTS (KOHA) |
| Source of classification or shelving scheme |
National Library of Medicine |
| Koha item type |
Book |